Central Library OPAC University of Rajshahi

Australian economic framework / (Record no. 2713)

MARC details
000 -LEADER
fixed length control field 00629nam a22002297a 4500
001 - CONTROL NUMBER
control field 2713
003 - CONTROL NUMBER IDENTIFIER
rucl marc code BD-RjUL
005 - DATE AND TIME OF LATEST TRANSACTION
control field 20211208233614.0
008 - FIXED-LENGTH DATA ELEMENTS--GENERAL INFORMATION
fixed length control field 131215s1964 xxu||||| |||| 00| 0 eng d
035 ## - SYSTEM CONTROL NUMBER
System control number (BD-RjUL)2740
040 ## - CATALOGING SOURCE
Original cataloging agency BD-RjUL
Language of cataloging eng
Transcribing agency BD-RjUL
Modifying agency BD-RjUL
041 ## - LANGUAGE CODE
Language code of text/sound track or separate title eng
082 04 - DEWEY DECIMAL CLASSIFICATION NUMBER
Edition number 21
Classification number 330
Author mark and year DRA 1964
100 1# - MAIN ENTRY--PERSONAL NAME
Personal name Drohan, N. T.
9 (RLIN) 8716
245 1# - TITLE STATEMENT
Title Australian economic framework /
Statement of responsibility, etc. N. T. Drohan and J. H. Day.
260 ## - PUBLICATION, DISTRIBUTION, ETC. (IMPRINT)
Place of publication, distribution, etc. Australian :
Name of publisher, distributor, etc. Cassell ,
Date of publication, distribution, etc. 1964.
300 ## - PHYSICAL DESCRIPTION
Pagination ix, 250 p. :
Illustrations ill. ;
Size 24 cm.
504 ## - BIBLIOGRAPHY, ETC. NOTE
Bibliography, etc Includes index.
650 #7 - SUBJECT ADDED ENTRY--TOPICAL TERM
Topical term or geographic name as entry element economic
9 (RLIN) 8717
700 1# - ADDED ENTRY--PERSONAL NAME
Personal name Day, J. H.
942 ## - ADDED ENTRY ELEMENTS (KOHA)
Source of classification or shelving scheme Dewey Decimal Classification
Koha item type Books
Holdings
Lost status Source of classification or shelving scheme Damaged status Not for loan Collection code Permanent Location Current Location Shelving location Date acquired Source of acquisition Cost, normal purchase price Total Checkouts Full call number Date last seen Copy number Koha item type
  Dewey Decimal Classification   Not For Loan Non-fiction Central Library, University of Rajshahi Central Library, University of Rajshahi Reading Room 17/09/1969 Pakistan Book Center , Karachi 22.50   330 DRA 1964 15/12/2013 C-1 Books